कस्तूरी / (Record no. 113629)

MARC details
000 -LEADER
fixed length control field 01072nam a22002777a 4500
003 - CONTROL NUMBER IDENTIFIER
control field dpl
005 - DATE AND TIME OF LATEST TRANSACTION
control field 20180830154758.0
008 - FIXED-LENGTH DATA ELEMENTS--GENERAL INFORMATION
fixed length control field 180830b xxu||||| |||| 00| 0 eng d
010 ## - LIBRARY OF CONGRESS CONTROL NUMBER
LC control number A-952053
020 ## - INTERNATIONAL STANDARD BOOK NUMBER
Terms of availability 100.00
035 ## - SYSTEM CONTROL NUMBER
System control number A-952053, A-922194
037 ## - SOURCE OF ACQUISITION
Source of stock number/acquisition Cen Lib/Ret
040 ## - CATALOGING SOURCE
Original cataloging agency DPL
Language of cataloging HN
Transcribing agency 0
082 ## - DEWEY DECIMAL CLASSIFICATION NUMBER
Classification number
Item number श्रीवास्त
100 ## - MAIN ENTRY--PERSONAL NAME
Personal name श्रीवास्तव, लखनदेव
9 (RLIN) 5721
245 ## - TITLE STATEMENT
Title कस्तूरी /
Statement of responsibility, etc लखनदेव श्रीवास्तव
246 ## - VARYING FORM OF TITLE
Title proper/short title Kasturi /
Remainder of title by Lakhan Dev Shrivastava
260 ## - PUBLICATION, DISTRIBUTION, ETC. (IMPRINT)
Place of publication, distribution, etc नई दिल्ली
Name of publisher, distributor, etc मंजुली प्रकाशन
Date of publication, distribution, etc 1998
270 ## - ADDRESS
Address 1/67, आर.के. पुरम
City नई दिल्ली
Postal code 110022
300 ## - PHYSICAL DESCRIPTION
Extent 87पृ.
Dimensions 21सेमी (सजिल्द)
650 ## - SUBJECT ADDED ENTRY--TOPICAL TERM
Topical term or geographic name as entry element हिन्दी साहित्य
9 (RLIN) 53118
650 ## - SUBJECT ADDED ENTRY--TOPICAL TERM
Topical term or geographic name as entry element हिन्दी उपन्यास
9 (RLIN) 53119
650 ## - SUBJECT ADDED ENTRY--TOPICAL TERM
Topical term or geographic name as entry element Hindi - literature
9 (RLIN) 53120
650 ## - SUBJECT ADDED ENTRY--TOPICAL TERM
Topical term or geographic name as entry element Hindi novel
9 (RLIN) 53121
942 ## - ADDED ENTRY ELEMENTS (KOHA)
Source of classification or shelving scheme Dewey Decimal Classification
Koha item type Hindi Books
Classification part
Call number suffix श्रीवास्त
Holdings
Withdrawn status Lost status Damaged status Not for loan Home library Current library Date acquired Source of acquisition Cost, normal purchase price Total Checkouts Full call number Barcode Date last seen Copy number Cost, replacement price Price effective from Koha item type Public note Source of classification or shelving scheme Collection code
Written off       Central Library Central Library 13/08/2015 Cen Lib/Ret 100.00   उ श्रीवास्त A-952053 13/08/2015 1 100.00 13/08/2015 Hindi Books Written off on approval by DLB (By Circulation); dtd 15-06-2023    
Written off       Central Library Central Library 13/08/2015 Cen Lib/Ret 100.00   उ श्रीवास्त A-922183 13/08/2015 1 100.00 13/08/2015 Hindi Books Written off on approval by DLB (By Circulation); dtd 20.12.2022    
        Shahdara Branch Shahdara Branch 30/08/2018 BPPD/PUB 100.00   उ श्रीवास्त A-922194 30/08/2018   100.00 30/08/2018 Hindi Books   Dewey Decimal Classification Fiction

© Delhi Public Library
Hit Counter
free hit counter